000 00203 a2200097 4500
001 1159
100 _aMolloy, E.
245 _aNewnes electrical pocket book
260 _a
_bNewnes
_c
090 _c721
_d721
942 _aNUST-CAE
_cM
_c33834
999 _c236232
_d236232